Finish the Christmas Song Title - Statistics

General Stats
  • This quiz has been taken 102 times
  • The average score is 11 of 15
Answer Stats
Hint Answer % Correct
Santa Claus is ______ to Town Coming
94%
It's Beginning to ____ a Lot Like Christmas Look
93%
Jingle Bell ____ Rock
93%
Feliz _______ Navidad
89%
_______ the Red-Nosed Reindeer Rudolph
88%
Here _____ Santa Claus Comes
87%
It's the Most _________ Time of the Year Wonderful
86%
______ Around the Christmas Tree Rockin
81%
Silent _____ Night
79%
I'll be ____ for Christmas Home
75%
_____ Christmas White
72%
O Come All __ Faithful Ye
71%
The _____ Noel First
54%
Away in a ______ Manger
52%
____ Christmas Blue
29%
No matching quizzes found
Score Distribution
Percent of People with Each Score
Percentile by Number Answered
Your Score History
You have not taken this quiz